| 000 | 00716nam a2200193 i 4500 | ||
|---|---|---|---|
| 001 | 157304 | ||
| 003 | ES-MaACL | ||
| 005 | 20251004063205.0 | ||
| 008 | 010122s1872 fr |||| | fre d | ||
| 040 |
_aCAM _bspa _cCAM |
||
| 100 | 1 |
_aLaveleye, Émile de, _d1822-1892 _970700 |
|
| 245 | 1 | 0 |
_aEssai sur les formes de gouvernement dans les sociétés modernes / _cpar Emile de Laveleye. |
| 260 |
_aParis : _bLibrairie Germer Baillière, _c1872 ( _fImprimerie de E. Martinet) |
||
| 300 |
_a195 p. ; _c19 cm. |
||
| 490 | 1 | _aBibliothèque de philosophie contemporaine | |
| 830 | 0 |
_aBibliothèque de philosophie contemporaine _9181027 |
|
| 852 |
_aES-MaACL _jF-12238 _z-- Enc. pasta |
||
| 999 |
_c157304 _d157304 |
||